| 000 | 01153nam a2200241 a 4500 | ||
|---|---|---|---|
| 001 | 78096 | ||
| 003 | BD-RjUL | ||
| 005 | 20221016092507.0 | ||
| 008 | 210321s2001 bg ||||| |||| 00| 0 ben d | ||
| 035 | _a(BD-RjUL)78096 | ||
| 040 |
_aBD-RjUL _bben _cBD-RjUL _dBD-RjUL |
||
| 041 | _aben | ||
| 082 |
_223 _a297.12541 _bBUS 2001 |
||
| 100 | 1 |
_aবুখারী, মুহাম্মদ ইবনে ইসমাইল _9237776 |
|
| 245 | 1 | 0 |
_aসহীহ আল বুখারী = صحيح البخاري / _cবুখারী, মুহাম্মদ ইবনে ইসমাইল; সম্পাদনায় ; আফলাতুল কায়সার...[অন্যান্য] / |
| 260 |
_aঢাকা : _bআধুনিক প্রকাশনী, _c২০০১ |
||
| 300 |
_a খন্ড ; _c২১ সেমি. |
||
| 505 | 0 | _aখন্ড - ৬.-- | |
| 650 |
_aহাদীস, বুখারী _xবঙ্গানুবাদ ও ব্যাখা _9237777 |
||
| 650 |
_aHadith, Bukhari _xTranslation and Interpretation _9237778 |
||
| 700 |
_aকায়সার, আফলাতুন. _95262 |
||
| 942 |
_2ddc _cBK |
||
| 999 |
_c78096 _d78096 |
||